|
|
|
|
| LEADER |
01358cas a2200229 a 4500 |
| 001 |
AALejournalIMF021785 |
| 008 |
230101c9999 xx r poo 0 0eng d |
| 020 |
|
|
|c 5.00 USD
|
| 020 |
|
|
|z 9781475506860
|
| 040 |
|
|
|a BD-DhAAL
|c BD-DhAAL
|
| 100 |
1 |
|
|a Last, Duncan.
|
| 240 |
1 |
0 |
|a A Basic Model of Performance-Based Budgeting.
|l Spanish
|
| 245 |
1 |
2 |
|a A Basic Model of Performance-Based Budgeting /
|c Duncan Last, Marc Robinson.
|
| 264 |
|
1 |
|a Washington, D.C. :
|b International Monetary Fund,
|c 2010.
|
| 300 |
|
|
|a 1 online resource (15 pages)
|
| 500 |
|
|
|a <strong>Off-Campus Access:</strong> No User ID or Password Required
|
| 500 |
|
|
|a <strong>On-Campus Access:</strong> No User ID or Password Required
|
| 506 |
|
|
|a Electronic access restricted to authorized BRAC University faculty, staff and students
|
| 520 |
3 |
|
|a Los departamentos del FMI elaboran Notas Tecnicas y Manuales para ampliar la divulgacion de su asesoramiento en materia de asistencia tecnica. Estos documentos presentan recomendaciones y pautas generales, algunas extraidas de informes de asistencia tecnica ineditos, a un publico mas amplio. El lanzamiento de esta nueva serie fue en agosto de 2009.
|
| 538 |
|
|
|a Mode of access: Internet
|
| 700 |
1 |
|
|a Robinson, Marc.
|
| 856 |
4 |
0 |
|z Full text available on IMF
|u http://elibrary.imf.org/view/journals/005/2009/001/005.2009.issue-001-es.xml
|z IMF e-Library
|